STN EN 24506: 2001 (42 0892), Spekané karbidy. Skúška tlakom (ISO 4506: 1979)

Táto norma je identická s EN 24506: 1993

Bibliographic Details
Main Author: Lakatoš, Peter (Author)
Corporate Author: Slovenská spoločnosť pre technickú normalizáciu (Translator)
Other Authors: Oroszová, Tatiana (Translator)
Format: Book
Language:Slovak
German
PhysicalDescription:8 s. grafy, obr. 30 cm
Published: Bratislava Slovenský ústav technickej normalizácie 2001
Subjects:

MARC

LEADER 00000nam a2200000 a 4500
001 vtls010340088
003 SK-MaSNL
005 20260302082441.0
008 130117s2001 xo da f u 000 0 slo
015 |a SNBN2014 
020 |c (cen. skup. 8) 
040 |a SNK  |b slo  |c SNK  |e AACR2 
041 1 |a slo  |h ger 
044 |a xo  |c SK 
046 |a s  |m 200110 (účin.) 
072 7 |a 669  |x Metalurgia  |2 konspekt 
072 7 |a 621  |x Strojárstvo  |2 konspekt 
072 7 |a 620.1/.2  |x Náuka o materiáli  |2 konspekt 
080 |a 621.762  |2 2001 
080 |a 006.86  |2 2001 
080 |a (437.6)  |2 2001 
080 |a (4)  |2 2001 
080 |a (083)  |2 2001 
080 |a 669.018.25  |2 2001 
080 |a 620.17  |2 2001 
084 |a 77.040.10  |2 ICS 
130 0 |a STN 42 0892 (STN EN 24506)  |9 749164 
245 1 0 |a STN EN 24506: 2001 (42 0892), Spekané karbidy. Skúška tlakom (ISO 4506: 1979) 
246 1 0 |a Spekané karbidy 
246 1 0 |a Skúška tlakom 
246 1 0 |a ISO 4506: 1979 
260 |a Bratislava  |b Slovenský ústav technickej normalizácie  |c 2001 
300 |a 8 s.  |b grafy, obr.  |c 30 cm 
500 |a Táto norma nahrádza STN 42 0892-12 z 29.9.1986 v celom rozsahu 
500 |a Spracovateľ: SSTN Bratislava, Tatiana Oroszová ; SÚTN Bratislava, Peter Lakatoš 
520 8 |a Táto norma je identická s EN 24506: 1993 
540 |a STN vydané na akomkoľvek nosiči sa môžu rozmnožovať a rozširovať iba so súhlasom určenej právnickej osoby  |b SÚTN Bratislava  |c zákon 264/1999 Z. z. 
650 0 7 |a prášková metalurgia  |2 SNKPH  |9 86852 
650 0 7 |a technické normy a štandardy  |z Slovensko  |2 SNKPH  |9 79594 
650 0 7 |a Powder metallurgy  |2 SNKPHeng  |9 266882 
650 0 7 |a spekané karbidy  |2 SNKPH  |9 84221 
650 0 7 |a Sintered carbides  |2 SNKPHeng  |9 413293 
650 0 7 |a technické normy a štandardy  |z krajiny Európskej únie  |2 SNKPH  |9 289341 
650 0 7 |a skúšanie mechanických vlastností materiálov  |2 SNKPH  |9 67997 
650 0 7 |a Testing of mechanical properties of materials  |2 SNK  |9 135341 
655 7 |a normy  |2 SNKPH  |9 70643 
700 1 |a Oroszová, Tatiana  |4 trl  |9 338737 
700 1 |a Lakatoš, Peter  |4 aut  |9 312413 
710 2 |a Slovenský ústav technickej normalizácie  |4 stn  |9 32706 
710 2 |a Slovenská spoločnosť pre technickú normalizáciu  |4 trl  |9 36642 
852 |a Štátna vedecká knižnica v Banskej Bystrici 
958 |a OP 
999 |c 1180098  |d 1182028 
952 |a SNK  |b SNK  |y PREZ  |7 0  |p 17A0877100  |o snkSTN EN 24506  |i snk2012/3195  |8 0  |0 0  |1 0  |4 0  |d 2012-02-07  |l 0  |r 2026-02-24 21:35:40  |w 2026-02-24 
952 |a SNK  |b SNK  |y PREZ  |7 0  |p 17A0877101  |o snkSTN EN 24506 D1  |i snk2012/3196  |8 0  |0 0  |1 0  |4 0  |d 2012-02-07  |l 0  |r 2026-02-24 21:35:40  |w 2026-02-24